La conquista della felicità /
Guardat en:
| Autor principal: | |
|---|---|
| Altres autors: | |
| Format: | Llibre |
| Idioma: | anglès |
| Publicat: |
Milano
TEA
2010
|
| Col·lecció: | Saggistica
|
| Etiquetes: |
Sense etiquetes, Sigues el primer a etiquetar aquest registre!
|
MARC
| LEADER | 00000nam a2200000 4500 | ||
|---|---|---|---|
| 001 | CDOM0000005354 | ||
| 003 | mi | ||
| 005 | 20250822193641.0 | ||
| 008 | 250822b |||||||| |||| 00| 0 eng d | ||
| 040 | |c mi | ||
| 082 | |a 170 | ||
| 100 | |a Russell, Bertrand | ||
| 245 | 1 | |a La conquista della felicità / |c Bertrand Russell |g traduzione di Giuliana Pozzo Galeazzi | |
| 260 | |a Milano |b TEA |c 2010 | ||
| 300 | |a 229 p. |c 20 cm. | ||
| 490 | |a Saggistica | ||
| 500 | |a In copertina : "Che cosa ci rende felici? È ancora possibile la felicità?" | ||
| 700 | |a Pozzo Galeazzi, Giuliana | ||
| 942 | |2 ddc |c BK | ||
| 952 | |0 0 |1 0 |2 ddc |4 0 |6 B_SFE03RUSBECON11 |7 0 |9 9180 |a MI |b MI |d 2012-11-30 |i 6520 |l 0 |o B-SFE03-RUSBE-CON11 |p CDOM6520 |r 2025-07-17 21:50:46 |w 2025-07-17 |x ACQUISTO |y BK | ||
| 999 | |c 7648 |d 7648 | ||